Češi a reklama 2016

Výsledky výskumu Postoje českej verejnosti k reklame. Vývoj presýtenosti reklamou v jednotlivých médiách od roku 1993. Deklarovaná pomoc informácií z reklamy pri nákupnom rozhodovaní. Ako rozdeľujú českú populáciu postoje k reklame.

Salvato in:
Dettagli Bibliografici
Autore principale: Vysekalová, Jitka
Natura: Capitolo di libro
Lingua:ceco
Soggetti:
Tags: Aggiungi Tag
Nessun Tag, puoi essere il primo ad aggiungerne!!

MARC

LEADER 00000naa a2200000 4500
001 0215610
005 20231115071148.0
041 0 |a cze 
044 |a CZ 
245 1 0 |a Češi a reklama 2016  |c Jitka Vysekalová 
520 |a Výsledky výskumu Postoje českej verejnosti k reklame. Vývoj presýtenosti reklamou v jednotlivých médiách od roku 1993. Deklarovaná pomoc informácií z reklamy pri nákupnom rozhodovaní. Ako rozdeľujú českú populáciu postoje k reklame. 
610 2 0 |a reklama 
610 2 0 |a postoje 
610 2 0 |a rozhodovanie nákupné 
610 2 0 |a Česko 
100 1 |a Vysekalová, Jitka